Score 0/20 Timer 03:00
2 Plays Today
Movie Missing Word % Correct
Coming ___Home
89.4%
To ___ a ThiefCatch
86.9%
Monster's ___Ball
86.7%
Fever ___Pitch
86.2%
___ the LineWalk
85.6%
___ the Last DanceSave
82.2%
Jay and Silent Bob ___ BackStrike
79.9%
___ of SightOut
76.3%
___ IndemnityDouble
74.3%
___ Momma from the TrainThrow
73%
Movie Missing Word % Correct
Blood ___Diamond
71%
Midnight ___Run
69.6%
Lilies of the ___Field
58.2%
Sex and the ___ GirlSingle
54.6%
___ Away HomeFly
51.2%
___ PlayFoul
47.3%
How to ___ a MillionSteal
43.3%
___-19: The Widow MakerK
42.1%
___ ShiftSwing
24.9%
Dead Man's ___Curve
15.7%

Today's Daily Dose

You're not logged in!

Compare scores with friends on all Sporcle quizzes.
OR
Log In

Sporcle TV

Today on Sporcle TV


Watch our educational content, quiz creation guides, and fun videos on Sporcle TV.

Show Comments

Extras

Top Quizzes Today


Score Distribution

Paid Content

Your Account Isn't Verified!

In order to create a playlist on Sporcle, you need to verify the email address you used during registration. Go to your Sporcle Settings to finish the process.

Report this User

Report this user for behavior that violates our Community Guidelines.

Details: